[Event "RUS-chT Rapid (Women)"]
[Site "Sochi"]
[Date "2023.10.19"]
[Round "7.14"]
[White "Karmanova, Olga Dm"]
[Black "Tarasenka, Aliaksandra"]
[Result "1/2-1/2"]
[WhiteElo "2141"]
[BlackElo "2077"]
[PlyCount "97"]
[EventDate "2023.10.18"]
[EventType "team-swiss (rapid)"]
[EventRounds "9"]
[EventCountry "RUS"]
[SourceTitle "Mega2024 Update 01"]
[Source "Chessbase"]
[SourceDate "2023.11.12"]
[SourceVersion "1"]
[SourceVersionDate "2023.11.12"]
[SourceQuality "1"]
[WhiteTeam "St Petersburg SShOR (W) II"]
[BlackTeam "Belarus (W)"]
[WhiteTeamCountry "RUS"]
[BlackTeamCountry "BLR"]

1. e4 e6 2. d4 d5 3. Nc3 Nf6 4. e5 Nfd7 5. f4 c5 6. Nf3 Nc6 7. Be3 a6 8. Qd2 b5 9. g4 Qb6 10. Bg2 cxd4 11. Nxd4 Bc5 12. Nce2 b4 13. Bg1 g5 14. Nxc6 Qxc6 15. Nd4 Qc7 16. 0-0-0 gxf4 17. Re1 Nxe5 18. Nxe6 Bxe6 19. Bxc5 f3 20. Bh3 Qxc5 21. Rxe5 0-0-0 22. Rf1 h5 23. Qf4 Qc4 24. Qxc4+ dxc4 25. Re4 Rdg8 26. Rf2 hxg4 27. Bf1 g3 28. hxg3 Rxg3 29. Kd2 Rh1 30. Rf4 Bd5 31. Ke3 Rg2 32. R4xf3 Bxf3 33. Bxg2 Bxg2 34. Rxg2 Rh4 35. Rf2 Kc7 36. Rxf7+ Kc6 37. Rf2 Kb5 38. Rf5+ Ka4 39. b3+ Ka3 40. Ra5+ Kb2 41. bxc4 Rxc4 42. Kd3 Rc3+ 43. Kd4 Kxc2 44. Rxa6 Rh3 45. Kc4 Rh4+ 46. Kb5 Kb2 47. Ra4 Kc3 48. Ra7 Kb2 49. Kc5 1/2-1/2

[Event "RUS-chT Rapid (Women)"]
[Site "Sochi"]
[Date "2023.10.18"]
[Round "1.2"]
[White "Badelka, Olga"]
[Black "Karmanova, Olga Dm"]
[Result "1/2-1/2"]
[WhiteElo "2386"]
[BlackElo "2141"]
[PlyCount "109"]
[EventDate "2023.10.18"]
[EventType "team-swiss (rapid)"]
[EventRounds "9"]
[EventCountry "RUS"]
[SourceTitle "Mega2024 Update 01"]
[Source "Chessbase"]
[SourceDate "2023.11.12"]
[SourceVersion "1"]
[SourceVersionDate "2023.11.12"]
[SourceQuality "1"]
[WhiteTeam "Moscow ShSM (W)"]
[BlackTeam "St Petersburg SShOR (W) II"]
[WhiteTeamCountry "RUS"]
[BlackTeamCountry "RUS"]

1. Nf3 Nf6 2. g3 b5 3. Bg2 Bb7 4. 0-0 e6 5. b3 Be7 6. Bb2 d6 7. c4 bxc4 8. bxc4 c5 9. Nc3 Nbd7 10. Rb1 0-0 11. Qc2 Rb8 12. d3 Qa5 13. Ba1 Bc6 14. Nd2 Bxg2 15. Kxg2 Ne5 16. Qa4 Qxa4 17. Nxa4 Nc6 18. Bc3 Nd7 19. Rb5 a6 20. Rb3 Rxb3 21. Nxb3 Rb8 22. Rb1 Bf6 23. Bxf6 Nxf6 24. Nd2 Rxb1 25. Nxb1 Kf8 26. Nbc3 Ke7 27. f4 Ng4 28. h3 Ne3+ 29. Kf2 Nc2 30. g4 h6 31. h4 N6b4 32. h5 Nd4 33. Nb6 Kd8 34. g5 Kc7 35. Nba4 f5 36. Nb2 Ndc2 37. e3 d5 38. cxd5 exd5 39. g6 Kd6 40. a4 Nxe3 41. Kxe3 d4+ 42. Kd2 dxc3+ 43. Kxc3 Nd5+ 44. Kd2 Nxf4 45. Nc4+ Ke6 46. Ke3 Nxh5 47. Na5 f4+ 48. Ke4 Kf6 49. Nb7 Kg5 50. Kf3 Ng3 51. Nxc5 h5 52. Ne6+ Kf5 53. Nxg7+ Kxg6 54. Ne6 h4 55. Nxf4+ 1/2-1/2

[Event "RUS-chT Blitz (Women)"]
[Site "Sochi"]
[Date "2023.10.17"]
[Round "6.10"]
[White "Khlichkova, Tatiana"]
[Black "Karmanova, Olga Dm"]
[Result "1-0"]
[WhiteElo "2196"]
[BlackElo "2141"]
[PlyCount "75"]
[EventDate "2023.10.17"]
[EventType "team-tourn (blitz)"]
[EventRounds "13"]
[EventCountry "RUS"]
[SourceTitle "Mega2024 Update 01"]
[Source "Chessbase"]
[SourceDate "2023.11.12"]
[SourceVersion "1"]
[SourceVersionDate "2023.11.12"]
[SourceQuality "1"]
[WhiteTeam "Novosibirsk Region (W)"]
[BlackTeam "St Petersburg SShOR (W) II"]
[WhiteTeamCountry "RUS"]
[BlackTeamCountry "RUS"]

1. d4 Nf6 2. Bg5 d5 3. e3 e6 4. Bd3 h6 5. Bh4 g5 6. Bg3 Be7 7. Nd2 b6 8. h4 g4 9. h5 Bb7 10. Be5 Nbd7 11. f4 Nxe5 12. fxe5 Ne4 13. Bxe4 Bh4+ 14. Kf1 dxe4 15. Qxg4 Bg5 16. Nxe4 Bxe3 17. Nf6+ Ke7 18. Ne2 Bg5 19. Ne4 Rg8 20. Qf3 Rc8 21. Rd1 Kf8 22. d5 exd5 23. Nf6 Bxf6 24. exf6 Qd6 25. Rh4 Re8 26. Rf4 Qe5 27. Nd4 c5 28. Rf5 Qe4 29. Qxe4 Rxe4 30. Nb5 Rg5 31. Rxg5 hxg5 32. Nd6 Ba6+ 33. Kg1 Rh4 34. Re1 Kg8 35. Re8+ Kh7 36. Nxf7 Rxh5 37. Ne5 Bb5 38. f7 1-0

[Event "RUS-ch Rapid (Women)"]
[Site "Sochi"]
[Date "2023.10.15"]
[Round "4"]
[White "Karmanova, Olga Dm"]
[Black "Ovod, Evgenija"]
[Result "1-0"]
[WhiteElo "2141"]
[BlackElo "2256"]
[PlyCount "89"]
[EventDate "2023.10.15"]
[EventType "swiss (rapid)"]
[EventRounds "11"]
[EventCountry "RUS"]
[SourceTitle "Mega2024 Update 01"]
[Source "Chessbase"]
[SourceDate "2023.11.12"]
[SourceVersion "1"]
[SourceVersionDate "2023.11.12"]
[SourceQuality "1"]

1. e4 e5 2. Nf3 Nc6 3. Bb5 Nf6 4. Qe2 Bc5 5. 0-0 0-0 6. c3 d6 7. Rd1 Qe7 8. h3 Bb6 9. d3 Nd8 10. Nbd2 c6 11. Ba4 Ne6 12. Nc4 Bc7 13. d4 b5 14. dxe5 dxe5 15. Ncxe5 bxa4 16. Nxc6 Qc5 17. Ncd4 Nf4 18. Qc2 Ng6 19. Re1 Bb7 20. Bg5 Nd7 21. Nf5 Bf4 22. Qxa4 Bc6 23. Qd4 Qxd4 24. cxd4 Bxg5 25. Nxg5 Nf6 26. Rac1 Rac8 27. Nd6 Rc7 28. d5 Rd8 29. Nf5 h6 30. Nf3 Nxd5 31. exd5 Rxd5 32. N5d4 Rd6 33. Nb5 Bxb5 34. Rxc7 Ra6 35. a3 Bc6 36. Nd4 Bd5 37. g3 h5 38. Rc5 Bb7 39. Re8+ Nf8 40. Rc7 Rb6 41. Rb8 Rd6 42. Rcxb7 Rxd4 43. Rxa7 g6 44. Raa8 Kg7 45. Rxf8 1-0

[Event "RUS-ch Blitz (Women)"]
[Site "Sochi"]
[Date "2023.10.14"]
[Round "8"]
[White "Karmanova, Olga Dm"]
[Black "Yurasova, Daria"]
[Result "1-0"]
[WhiteElo "2141"]
[BlackElo "2023"]
[PlyCount "115"]
[EventDate "2023.10.14"]
[EventType "swiss (blitz)"]
[EventRounds "13"]
[EventCountry "RUS"]
[SourceTitle "Mega2024 Update 01"]
[Source "Chessbase"]
[SourceDate "2023.11.12"]
[SourceVersion "1"]
[SourceVersionDate "2023.11.12"]
[SourceQuality "1"]

1. e4 e5 2. Nf3 Nc6 3. Bb5 a6 4. Ba4 Nf6 5. Qe2 b5 6. Bb3 Be7 7. 0-0 d6 8. c3 0-0 9. Rd1 Bb7 10. d4 Qc8 11. a4 Qg4 12. Nbd2 Nh5 13. Nf1 Nf4 14. Bxf4 Qxf4 15. axb5 axb5 16. Qxb5 Rab8 17. Qe2 exd4 18. cxd4 Bc8 19. Ba4 Nb4 20. g3 Qf6 21. e5 Qh6 22. Qe4 Bb7 23. Qe2 Qh5 24. N1d2 Bg5 25. Ra3 Bxd2 26. Rxd2 Qg4 27. Nh4 Qh3 28. Qf1 Qe6 29. Bb3 Bd5 30. Bxd5 Qxd5 31. Qg2 Qe6 32. Qe4 d5 33. Qf5 g6 34. Qf4 Rfe8 35. Nf3 Nc6 36. Ng5 Qe7 37. Qh4 h5 38. Nf3 Nd8 39. Qxe7 Rxe7 40. Rc3 Ne6 41. h4 Rb7 42. Ng5 Re8 43. Nxe6 Rxe6 44. Rdc2 Rb4 45. Rd2 c6 46. Ra3 Re7 47. Ra6 Rc4 48. b3 Rc3 49. Rb6 Ra7 50. Kg2 Ra3 51. b4 Rab3 52. Rb8+ Kg7 53. Rb7 Rc4 54. e6 Kg8 55. exf7+ Kg7 56. Re2 Rbxb4 57. Rc7 Rb8 58. Re8 1-0

[Event "RUS-ch Blitz (Women)"]
[Site "Sochi"]
[Date "2023.10.14"]
[Round "9"]
[White "Nur Mukhametova, Alisa"]
[Black "Karmanova, Olga Dm"]
[Result "1-0"]
[WhiteElo "2133"]
[BlackElo "2141"]
[PlyCount "151"]
[EventDate "2023.10.14"]
[EventType "swiss (blitz)"]
[EventRounds "13"]
[EventCountry "RUS"]
[SourceTitle "Mega2024 Update 01"]
[Source "Chessbase"]
[SourceDate "2023.11.12"]
[SourceVersion "1"]
[SourceVersionDate "2023.11.12"]
[SourceQuality "1"]

1. d4 Nf6 2. c4 e6 3. Nf3 d5 4. Nc3 Bb4 5. Qa4+ Nc6 6. Bg5 h6 7. Bxf6 Qxf6 8. e3 0-0 9. Bd3 Rd8 10. 0-0 a6 11. cxd5 exd5 12. Qb3 Bxc3 13. Qxc3 Bg4 14. Nd2 Bf5 15. Rac1 Rac8 16. a3 Bxd3 17. Qxd3 g6 18. Nb3 Ne7 19. Nc5 Rb8 20. b4 Nf5 21. Qe2 Nd6 22. a4 Ra8 23. Nb3 Nc4 24. Nd2 b5 25. a5 Re8 26. Qd3 Qd6 27. Rb1 c6 28. Qc3 Rad8 29. Nb3 Ra8 30. Nc5 Qf6 31. Rfe1 Qf5 32. Qd3 Qxd3 33. Nxd3 Re7 34. Rbc1 Kg7 35. Nc5 f5 36. Rc3 Kf6 37. g3 g5 38. Kg2 h5 39. Nd3 Re6 40. h4 gxh4 41. Nf4 Re7 42. gxh4 Rg8+ 43. Kf3 Rh7 44. Ke2 Rg4 45. Rh1 Rh8 46. f3 Rg3 47. Kf2 Rg7 48. Rcc1 Rhh7 49. Rcg1 Kf7 50. Rg5 Rxg5 51. hxg5 Kg7 52. Nxh5+ Kf7 53. Ng3 Rxh1 54. Nxh1 Nb2 55. Ke2 Nc4 56. Ng3 Nd6 57. Kd3 Kg6 58. f4 Nc4 59. Ne2 Nb2+ 60. Kd2 Nc4+ 61. Kd3 Nb2+ 62. Kc3 Nc4 63. Kd3 Nb2+ 64. Kc2 Nc4 65. Kd3 Nb2+ 66. Kd2 Nc4+ 67. Kd3 Nb2+ 68. Kc3 Nc4 69. e4 fxe4 70. Ng3 Nd6 71. Kd2 Nc4+ 72. Ke2 Nd6 73. Ke3 Nc4+ 74. Kf2 Nd6 75. Kg2 Nc4 76. Kh3 1-0

[Event "RUS-ch Blitz (Women)"]
[Site "Sochi"]
[Date "2023.10.14"]
[Round "12"]
[White "Styazhkina, Anna"]
[Black "Karmanova, Olga Dm"]
[Result "0-1"]
[WhiteElo "2194"]
[BlackElo "2141"]
[PlyCount "56"]
[EventDate "2023.10.14"]
[EventType "swiss (blitz)"]
[EventRounds "13"]
[EventCountry "RUS"]
[SourceTitle "Mega2024 Update 01"]
[Source "Chessbase"]
[SourceDate "2023.11.12"]
[SourceVersion "1"]
[SourceVersionDate "2023.11.12"]
[SourceQuality "1"]

1. e4 c6 2. d4 d5 3. f3 dxe4 4. fxe4 e5 5. Nf3 Bg4 6. c3 Nd7 7. Bc4 Bh5 8. 0-0 Ngf6 9. dxe5 Qb6+ 10. Kh1 Nxe5 11. Be2 Rd8 12. Qe1 Bxf3 13. Bxf3 Bd6 14. Nd2 0-0 15. Nb3 Nd3 16. Qh4 Nxc1 17. Raxc1 Be5 18. Rcd1 h6 19. Be2 a5 20. Bc4 a4 21. Nd4 Bxd4 22. cxd4 Rxd4 23. b3 Rfd8 24. Rxd4 Qxd4 25. h3 b5 26. Be2 Qxe4 27. Qxe4 Nxe4 28. Bf3 Ng3+ 0-1

[Event "RUS-ch U20 Girls"]
[Site "Moscow"]
[Date "2023.04.27"]
[Round "9"]
[White "Karmanova, Olga Dm"]
[Black "Ivanova, Anastasia2222"]
[Result "1-0"]
[WhiteElo "2030"]
[BlackElo "1986"]
[PlyCount "67"]
[EventDate "2023.04.19"]
[EventType "tourn"]
[EventRounds "9"]
[EventCountry "RUS"]
[SourceTitle "CBM 213 Extra"]
[Source "ChessBase"]
[SourceDate "2023.05.31"]
[SourceVersion "1"]
[SourceVersionDate "2023.05.31"]
[SourceQuality "1"]

1. e4 c5 2. Nf3 Nc6 3. d4 cxd4 4. Nxd4 Nf6 5. Nc3 d6 6. Bg5 e6 7. Qd2 a6 8. 0-0-0 h6 9. Nxc6 bxc6 10. Bf4 d5 11. Qe3 Qa5 12. Be2 Bb4 13. Be5 Be7 14. Qg3 0-0 15. Rhe1 Ne8 16. Bf4 dxe4 17. Bxh6 Kh7 18. Bf4 Rh8 19. Bc4 Bb4 20. Be5 Bxc3 21. Bxc3 Qc7 22. Qg5 Bb7 23. Ba5 Qc8 24. Rd8 Qxd8 25. Bxd8 Nd6 26. Be7 Nxc4 27. Rxe4 Nd6 28. Bxd6 f6 29. Rh4+ Kg8 30. Rxh8+ Kxh8 31. Qa5 c5 32. f3 c4 33. Qc7 Bd5 34. Qf7 1-0

[Event "RUS-ch U20 Girls"]
[Site "Moscow"]
[Date "2023.04.20"]
[Round "2"]
[White "Karmanova, Olga Dm"]
[Black "Getman, Tatyana"]
[Result "0-1"]
[WhiteElo "2030"]
[BlackElo "2216"]
[PlyCount "54"]
[EventDate "2023.04.19"]
[EventType "tourn"]
[EventRounds "9"]
[EventCountry "RUS"]
[SourceTitle "CBM 213 Extra"]
[Source "ChessBase"]
[SourceDate "2023.05.31"]
[SourceVersion "1"]
[SourceVersionDate "2023.05.31"]
[SourceQuality "1"]

1. Nf3 d5 2. g3 c5 3. Bg2 Nf6 4. 0-0 e6 5. d3 Nc6 6. a4 Bd6 7. Re1 e5 8. e4 d4 9. Na3 Be6 10. Bd2 0-0 11. Qc1 a6 12. Nh4 Rb8 13. Nf5 Bxf5 14. exf5 Qd7 15. Nc4 Bc7 16. Bxc6 bxc6 17. Nxe5 Qxf5 18. f4 Qh3 19. Re2 Rfe8 20. b3 Bxe5 21. fxe5 Ng4 22. Qf1 Qxf1+ 23. Kxf1 Rxe5 24. Rae1 Rbe8 25. h3 Rxe2 26. Rxe2 Rxe2 27. Kxe2 Ne5 0-1

[Event "The Game has begun U20 Girls"]
[Site "Khanty-Mansiysk"]
[Date "2022.12.04"]
[Round "6"]
[White "Karmanova, Olga Dm"]
[Black "Grigorieva, Yulia"]
[Result "1-0"]
[WhiteElo "2196"]
[BlackElo "2158"]
[PlyCount "143"]
[EventDate "2022.11.29"]
[EventType "tourn"]
[EventRounds "9"]
[EventCountry "RUS"]
[SourceTitle "CBM 211 Extra"]
[Source "ChessBase"]
[SourceDate "2023.01.31"]
[SourceVersion "1"]
[SourceVersionDate "2023.01.31"]
[SourceQuality "1"]

1. d4 Nf6 2. c4 e6 3. g3 d5 4. Bg2 dxc4 5. Nf3 Bb4+ 6. Bd2 c5 7. Bxb4 cxb4 8. Qa4+ Nc6 9. Ne5 0-0 10. Nxc6 bxc6 11. Qxb4 Qxd4 12. 0-0 Nd5 13. Qa3 Rb8 14. Nc3 Qd2 15. e4 Nxc3 16. bxc3 Rd8 17. e5 Rb5 18. Bf3 Qb2 19. Qe7 Rf8 20. Bxc6 Rxe5 21. Rad1 Qb6 22. Rd6 Qc5 23. Rfd1 Re2 24. R1d4 g6 25. Qf6 Qf5 26. Qxf5 exf5 27. a4 Be6 28. Bd7 Rb8 29. Bxe6 Rxe6 30. Rxe6 fxe6 31. Rxc4 Rb7 32. a5 Kf7 33. a6 Rd7 34. Rc6 Kf6 35. f4 h6 36. h4 Rd2 37. Rc7 Rc2 38. Rxa7 Rxc3 39. Kf2 Ra3 40. Ra8 Kg7 41. a7 g5 42. Ke2 gxf4 43. gxf4 h5 44. Kd2 Kh7 45. Kc2 Kg7 46. Kb2 Ra5 47. Kb3 Ra6 48. Kb4 Ra1 49. Kc5 Ra6 50. Kb5 Ra1 51. Kb6 Rb1+ 52. Kc6 Ra1 53. Kd6 Ra6+ 54. Ke5 Ra1 55. Kxe6 Ra5 56. Ke7 Ra6 57. Kd7 Kh7 58. Kc7 Ra1 59. Kd6 Ra5 60. Kc6 Ra1 61. Kd6 Ra5 62. Ke7 Ra6 63. Kf7 Ra1 64. Ke6 Ra5 65. Kf6 Ra6+ 66. Kxf5 Kg7 67. Ke4 Ra4+ 68. Kd3 Ra1 69. f5 Ra3+ 70. Kc2 Ra6 71. f6+ Kf7 72. Rh8 1-0

[Event "The Game has begun U20 Girls"]
[Site "Khanty-Mansiysk"]
[Date "2022.12.01"]
[Round "3"]
[White "Mkrtchyan, Mariam"]
[Black "Karmanova, Olga Dm"]
[Result "1-0"]
[WhiteElo "2334"]
[BlackElo "2196"]
[PlyCount "83"]
[EventDate "2022.11.29"]
[EventType "tourn"]
[EventRounds "9"]
[EventCountry "RUS"]
[SourceTitle "CBM 211 Extra"]
[Source "ChessBase"]
[SourceDate "2023.01.31"]
[SourceVersion "1"]
[SourceVersionDate "2023.01.31"]
[SourceQuality "1"]

1. d4 Nf6 2. c4 e6 3. Nf3 d5 4. g3 Bb4+ 5. Bd2 Be7 6. Bg2 0-0 7. 0-0 c6 8. Qc2 Nbd7 9. Rd1 Ne4 10. Nc3 f5 11. Nxe4 fxe4 12. Ne1 Qe8 13. f3 exf3 14. exf3 e5 15. cxd5 exd4 16. dxc6 bxc6 17. f4 Rb8 18. Bxc6 Qh5 19. Bf3 Qb5 20. b4 Qb6 21. Nd3 Nf6 22. Re1 Bd6 23. Nc5 Kh8 24. Qc4 Bxc5 25. bxc5 Qb2 26. Qc1 Bf5 27. c6 Qb6 28. Re5 Bg4 29. Ba5 Qa6 30. Bg2 d3 31. h3 Rb5 32. Qa3 Rc8 33. Rxb5 Qxb5 34. hxg4 Nxg4 35. Bh3 h5 36. Bxg4 hxg4 37. c7 Qd5 38. Qc3 Qf3 39. Qe1 Qd5 40. Qe5 Qf3 41. f5 Qc6 42. f6 1-0

[Event "The Game has begun U20 Girls"]
[Site "Khanty-Mansiysk"]
[Date "2022.11.30"]
[Round "2"]
[White "Karmanova, Olga Dm"]
[Black "Loskutova, Viktoriya"]
[Result "1/2-1/2"]
[WhiteElo "2196"]
[BlackElo "2076"]
[PlyCount "47"]
[EventDate "2022.11.29"]
[EventType "tourn"]
[EventRounds "9"]
[EventCountry "RUS"]
[SourceTitle "CBM 211 Extra"]
[Source "ChessBase"]
[SourceDate "2023.01.31"]
[SourceVersion "1"]
[SourceVersionDate "2023.01.31"]
[SourceQuality "1"]

1. d4 Nf6 2. c4 e6 3. g3 d5 4. Bg2 Bb4+ 5. Bd2 a5 6. Qc2 0-0 7. Nf3 c5 8. cxd5 cxd4 9. Nxd4 Qb6 10. Nf3 exd5 11. 0-0 Nc6 12. Nc3 d4 13. Ne4 Nxe4 14. Qxe4 Bxd2 15. Nxd2 Be6 16. Nf3 h6 17. a3 Rfe8 18. Qd3 Qxb2 19. Rab1 Qc3 20. Rxb7 Bc4 21. Qf5 Be6 22. Qd3 Bc4 23. Qf5 Be6 24. Qd3 1/2-1/2

[Event "The Game has begun U20 Girls"]
[Site "Khanty-Mansiysk"]
[Date "2022.11.29"]
[Round "1"]
[White "Karmanova, Olga Dm"]
[Black "Garifullina, Leya"]
[Result "1/2-1/2"]
[WhiteElo "2196"]
[BlackElo "2364"]
[PlyCount "119"]
[EventDate "2022.11.29"]
[EventType "tourn"]
[EventRounds "9"]
[EventCountry "RUS"]
[SourceTitle "CBM 211 Extra"]
[Source "ChessBase"]
[SourceDate "2023.01.31"]
[SourceVersion "1"]
[SourceVersionDate "2023.01.31"]
[SourceQuality "1"]

1. d4 Nf6 2. c4 e6 3. g3 d5 4. Bg2 Bb4+ 5. Bd2 Be7 6. Nf3 0-0 7. Qc2 Nbd7 8. 0-0 c6 9. Rd1 a5 10. Bf4 h6 11. b3 b5 12. Ne5 Nxe5 13. dxe5 Nd7 14. cxd5 cxd5 15. Nc3 b4 16. Nxd5 exd5 17. Bxd5 Ra6 18. Bc4 Qb6 19. Rac1 Nb8 20. Be3 Qg6 21. Bd3 Qe6 22. Qc7 Ra8 23. Bc4 Na6 24. Bxe6 Nxc7 25. Rxc7 Bxe6 26. Rxe7 Rfc8 27. Kf1 Rc2 28. Rd2 Rxd2 29. Bxd2 Rc8 30. Ra7 Rc2 31. Ke1 Rxa2 32. Bxb4 Bxb3 33. Rxa5 Rxa5 34. Bxa5 h5 35. Kd2 Kf8 36. Ke3 Ke7 37. Kf4 Bd1 38. e3 Bg4 39. e4 g6 40. f3 Bh3 41. Bc3 Ke6 42. Bd4 Ke7 43. Bb6 Ke6 44. Bd8 Kd7 45. Bf6 Ke8 46. g4 hxg4 47. Kg3 Bf1 48. Kxg4 Kf8 49. h4 Be2 50. Kf4 Bd1 51. Ke3 Kg8 52. Be7 Kg7 53. h5 gxh5 54. f4 Bc2 55. f5 Kg8 56. Kd4 Bb1 57. Bh4 Kf8 58. Be1 Ke8 59. Kd5 Kd7 60. Bh4 1/2-1/2

[Event "EU-ch U16 Girls 30th"]
[Site "Antalya"]
[Date "2022.11.14"]
[Round "9"]
[White "Karacsonyi, Kata"]
[Black "Karmanova, Olga Dm"]
[Result "1-0"]
[WhiteElo "2109"]
[BlackElo "2196"]
[PlyCount "85"]
[EventDate "2022.11.06"]
[EventType "swiss"]
[EventRounds "9"]
[EventCountry "TUR"]
[SourceTitle "CBM 211 Extra"]
[Source "ChessBase"]
[SourceDate "2023.01.31"]
[SourceVersion "1"]
[SourceVersionDate "2023.01.31"]
[SourceQuality "1"]

1. e4 e5 2. f4 exf4 3. Nf3 d5 4. exd5 Qxd5 5. Nc3 Qd8 6. d4 Bd6 7. Bc4 Nf6 8. 0-0 0-0 9. Ne5 f3 10. Qxf3 Nc6 11. Nxc6 bxc6 12. h3 Rb8 13. Ne4 Be7 14. c3 Nd5 15. Bb3 a5 16. Bf4 Kh8 17. Rae1 Ba6 18. Rf2 Nxf4 19. Qxf4 Bh4 20. g3 Be7 21. Kh2 Bc8 22. Nc5 Bd6 23. Qe4 f5 24. Qf3 f4 25. g4 Qh4 26. Ne4 Bb7 27. c4 c5 28. d5 Ba6 29. Nxd6 cxd6 30. Re4 g5 31. Rfe2 Qh6 32. Re7 Rb7 33. Rxb7 Bxb7 34. Re7 Bc8 35. Bc2 Qf6 36. Qe4 Bf5 37. gxf5 g4 38. Re6 Qg5 39. f6 g3+ 40. Kg2 Qh6 41. Re7 f3+ 42. Qxf3 Qd2+ 43. Qe2 1-0

[Event "RUS-chT Blitz (Women)"]
[Site "Sochi"]
[Date "2022.10.17"]
[Round "1.2"]
[White "Karmanova, Olga Dm"]
[Black "Badelka, Olga"]
[Result "0-1"]
[WhiteElo "2196"]
[BlackElo "2416"]
[PlyCount "164"]
[EventDate "2022.10.17"]
[EventType "team-swiss (blitz)"]
[EventRounds "11"]
[EventCountry "RUS"]
[SourceTitle "CBM 210 Extra"]
[Source "ChessBase"]
[SourceDate "2022.11.30"]
[SourceVersion "1"]
[SourceVersionDate "2022.11.30"]
[SourceQuality "1"]
[WhiteTeam "St Petersburg SShOR (W) II"]
[BlackTeam "Cheliabinsk Yuzhnyy Ural (W)"]
[WhiteTeamCountry "RUS"]
[BlackTeamCountry "RUS"]

1. d4 Nf6 2. c4 e6 3. g3 d5 4. Bg2 Be7 5. Nf3 0-0 6. 0-0 c6 7. Qc2 b6 8. Rd1 Ba6 9. b3 Nbd7 10. Nc3 Rc8 11. e4 dxc4 12. Bf4 h6 13. Nd2 b5 14. bxc4 bxc4 15. Na4 Bb5 16. Nxc4 Nb6 17. Naxb6 axb6 18. a4 Ba6 19. a5 Bxc4 20. Qxc4 bxa5 21. Qa6 Bb4 22. Bd2 Qd7 23. Qc4 Rb8 24. Bf4 Ra8 25. h3 Rfd8 26. Be5 Be7 27. Rac1 Rdc8 28. Qa2 a4 29. Rb1 a3 30. Bxf6 Bxf6 31. d5 cxd5 32. exd5 Ra7 33. dxe6 Qxe6 34. Bd5 Qe7 35. Re1 Qc7 36. Rbd1 Bb2 37. Kg2 Rf8 38. Re4 Qc5 39. Rf4 Bf6 40. Rf3 Qb4 41. Rfd3 Qb2 42. R3d2 Qxa2 43. Rxa2 Bb2 44. Rd3 Rc8 45. Kf3 Kf8 46. Ke4 Rc1 47. Kf3 Rd7 48. Be4 Rxd3+ 49. Bxd3 Ke7 50. Be4 Kd6 51. Bd3 Kc5 52. Be4 Kb4 53. Bd5 f6 54. Kg4 Rc2 55. f3 Rc5 56. Be6 Kc3 57. f4 Kc2 58. Kf3 Kb1 59. Kg4 h5+ 60. Kf3 Rc3+ 61. Kf2 Rd3 62. Kg2 Rd2+ 63. Kf3 Rd6 64. Bf7 Rd7 65. Be6 Rd3+ 66. Kg2 Rc3 67. Kf2 Rc1 68. Bf7 Bd4+ 69. Kf3 Bb2 70. Kg2 Re1 71. Kf2 Re7 72. Bg8 h4 73. gxh4 Re4 74. Kf3 Rb4 75. Bf7 Rb7 76. Be6 Rb6 77. Bf7 Ra6 78. Bg8 Ra4 79. Bf7 Bc1 80. f5 Rb4 81. Kg2 Bb2 82. Kg3 Re4 0-1

[Event "RUS-ch Blitz (Women)"]
[Site "Sochi"]
[Date "2022.10.14"]
[Round "13"]
[White "Pogonina, Natalija"]
[Black "Karmanova, Olga Dm"]
[Result "1-0"]
[WhiteElo "2432"]
[BlackElo "2196"]
[PlyCount "107"]
[EventDate "2022.10.14"]
[EventType "swiss (blitz)"]
[EventRounds "13"]
[EventCountry "RUS"]
[SourceTitle "CBM 210 Extra"]
[Source "ChessBase"]
[SourceDate "2022.11.30"]
[SourceVersion "1"]
[SourceVersionDate "2022.11.30"]
[SourceQuality "1"]

1. d4 Nf6 2. g3 e6 3. Bg2 d5 4. Nf3 Be7 5. c4 0-0 6. 0-0 c6 7. Qc2 Nbd7 8. Rd1 b6 9. b3 Bb7 10. Nc3 Rc8 11. Bb2 c5 12. dxc5 Rxc5 13. Nd2 a6 14. Rac1 Rc7 15. Qb1 Qa8 16. cxd5 Nc5 17. Nc4 b5 18. Na5 Bxd5 19. Nxd5 exd5 20. Bxf6 Bxf6 21. Rxd5 Qc8 22. b4 Na4 23. Rxc7 Qxc7 24. Qf1 Qc2 25. e4 Qxa2 26. e5 Bd8 27. Nc6 Bb6 28. Rd3 Qc2 29. Ne7+ Kh8 30. Nd5 Qc4 31. Nxb6 Nxb6 32. Rd6 Na4 33. Qxc4 bxc4 34. Rxa6 Nb2 35. Rc6 Rb8 36. Bd5 Kg8 37. Bxc4 Nxc4 38. Rxc4 Kf8 39. Kg2 Ke7 40. f4 Ke6 41. Kf3 Kd5 42. Rc7 Ke6 43. Rc4 Kd5 44. Rc5+ Ke6 45. b5 g6 46. Ke4 Rb7 47. Rc6+ Kd7 48. Rd6+ Kc7 49. b6+ Rxb6 50. Rxb6 Kxb6 51. Kd5 Kc7 52. e6 fxe6+ 53. Kxe6 Kc6 54. g4 1-0

[Event "RUS-ch Higher League (Women) 72nd"]
[Site "Obninsk"]
[Date "2022.07.03"]
[Round "7"]
[White "Karmanova, Olga Dm"]
[Black "Kovanova, Baira"]
[Result "1/2-1/2"]
[WhiteElo "2157"]
[BlackElo "2317"]
[PlyCount "79"]
[EventDate "2022.06.26"]
[EventType "swiss"]
[EventRounds "9"]
[EventCountry "RUS"]
[SourceTitle "CBM 209 Extra"]
[Source "ChessBase"]
[SourceDate "2022.09.30"]
[SourceVersion "1"]
[SourceVersionDate "2022.09.30"]
[SourceQuality "1"]

1. Nf3 Nf6 2. g3 c5 3. Bg2 Nc6 4. 0-0 e5 5. e4 d6 6. d3 h6 7. Nc3 Be7 8. a4 Be6 9. Nd2 Qd7 10. Nc4 d5 11. exd5 Nxd5 12. Re1 Nxc3 13. bxc3 0-0 14. Bxc6 Qxc6 15. Nxe5 Qc7 16. Ng6 Rfe8 17. Nf4 Bd7 18. Nd5 Qd6 19. c4 Bc6 20. Bf4 Qd7 21. Qh5 Bf8 22. a5 Rad8 23. Bc7 Rc8 24. Bf4 Rcd8 25. Re4 Re6 26. Rae1 Rg6 27. Re7 Bxe7 28. Nxe7+ Kh7 29. Nxg6 fxg6 30. Qxc5 g5 31. Bd2 Qh3 32. f3 Bxf3 33. Qf2 Rf8 34. Bb4 Rf6 35. Qf1 Qg4 36. Re7 Qd4+ 37. Qf2 Qb2 38. Qd2 Qd4+ 39. Qf2 Qb2 40. Qd2 1/2-1/2

[Event "RUS-ch Higher League (Women) 72nd"]
[Site "Obninsk"]
[Date "2022.06.30"]
[Round "5"]
[White "Karmanova, Olga Dm"]
[Black "Grigorieva, Yulia"]
[Result "1/2-1/2"]
[WhiteElo "2157"]
[BlackElo "2218"]
[PlyCount "50"]
[EventDate "2022.06.26"]
[EventType "swiss"]
[EventRounds "9"]
[EventCountry "RUS"]
[SourceTitle "CBM 209 Extra"]
[Source "ChessBase"]
[SourceDate "2022.09.30"]
[SourceVersion "1"]
[SourceVersionDate "2022.09.30"]
[SourceQuality "1"]

1. d4 Nf6 2. c4 e6 3. g3 Bb4+ 4. Nd2 c5 5. a3 Bxd2+ 6. Qxd2 Nc6 7. Nf3 cxd4 8. Nxd4 d5 9. Bg2 e5 10. Nxc6 bxc6 11. 0-0 0-0 12. Rd1 Ba6 13. cxd5 cxd5 14. Bxd5 Nxd5 15. Qxd5 Bxe2 16. Qxd8 Rfxd8 17. Rxd8+ Rxd8 18. Be3 a6 19. Rc1 e4 20. Bb6 Rb8 21. a4 h6 22. a5 Kh7 23. Rc2 Bd3 24. Rc6 Be2 25. Rc2 Bd3 1/2-1/2